书目信息 |
| 题名: |
抗日大空战
|
|
| 作者: | 马艳 , 李继红 著 | |
| 分册: | ||
| 出版信息: | 北京 长城出版社 2015 |
|
| 页数: | 311页 | |
| 开本: | 24cm | |
| 丛书名: | 中国抗日战争战场全景画卷丛书 | |
| 单 册: | ||
| 中图分类: | E296.93 | |
| 科图分类: | ||
| 主题词: | 抗日战争--空战--中国--史料 | |
| 电子资源: | ||
| ISBN: | 978-7-5483-0245-2 | |
| 000 | 01066oam2 2200277 45 | |
| 001 | 012001004781 | |
| 005 | 20140928162350.0 | |
| 010 | @a978-7-5483-0245-2@dCNY56.00 | |
| 100 | @a20151101d2015 em y0chiy50 ea | |
| 101 | 0 | @achi |
| 102 | @aCN@b110000 | |
| 105 | @aa z 000yy | |
| 106 | @ar | |
| 200 | 1 | @a抗日大空战@9kang ri da kong zhan@e中国空军抗战影像全纪录@f马艳,李继红著 |
| 210 | @a北京@c长城出版社@d2015 | |
| 215 | @a311页@c图@d24cm | |
| 225 | 1 | @a中国抗日战争战场全景画卷丛书@h第一辑@f王晓笛主编@v08 |
| 330 | @a本书全方位、多视角、全景式地讲述了8年抗战中年轻的中国空军将士们用鲜血和生命抗战的全过程。中国空军是中国军队中唯一一支没有战俘的部队。辅以历史资料图片,让读者更加直观地了解这段历史。 | |
| 461 | 0 | @12001 @a中国抗日战争战场全景画卷丛书 |
| 517 | 1 | @a中国空军抗战影像全纪录@9zhong guo kong jun kang zhan ying xiang quan ji lu |
| 606 | 0 | @a抗日战争@x空战@y中国@j史料 |
| 690 | @aE296.93@v5 | |
| 701 | 0 | @a马艳@9ma yan@4著 |
| 701 | 0 | @a李继红@9li ji hong@4著 |
| 801 | 0 | @aCN@b上海新华@c20180901 |
| 905 | @b1171502-6@dE296.93@e110@f5 | |
| 抗日大空战:中国空军抗战影像全纪录/马艳,李继红著.-北京:长城出版社,2015 |
| 311页:图;24cm.-(中国抗日战争战场全景画卷丛书.第一辑/王晓笛主编;08) |
| ISBN 978-7-5483-0245-2:CNY56.00 |
| 本书全方位、多视角、全景式地讲述了8年抗战中年轻的中国空军将士们用鲜血和生命抗战的全过程。中国空军是中国军队中唯一一支没有战俘的部队。辅以历史资料图片,让读者更加直观地了解这段历史。 |
| ● |
| 相关链接 |
|
|
|
|
正题名:抗日大空战
索取号:E296.93/110
 
预约/预借
| 序号 | 登录号 | 条形码 | 馆藏地/架位号 | 状态 | 备注 |
| 1 | 1171502 | 211715027 | 第一样本阅览室/ [索取号:E296.93/110] | 在馆 | |
| 2 | 1171503 | 211715036 | 第一借阅区/ [索取号:E296.93/110] | 在馆 | |
| 3 | 1171504 | 211715045 | 第一借阅区/ [索取号:E296.93/110] | 在馆 | |
| 4 | 1171505 | 211715054 | 第一借阅区/ [索取号:E296.93/110] | 在馆 | |
| 5 | 1171506 | 211715063 | 第一借阅区/ [索取号:E296.93/110] | 在馆 |